| 000 | 01074cam a2200241 4500 | ||
|---|---|---|---|
| 001 | WB3712-11 | ||
| 008 | 000000n2001 000 0 eng u | ||
| 035 | _a(Sirsi) u111494 | ||
| 245 | _aPortfolio trading tops £6bn | ||
| 260 | _c2001 | ||
| 490 |
_aProperty Week _v66(11) 16 March 2001, 8(1) |
||
| 520 | _aThe value of property portfolios traded rose to £6.2bn in 2000, a three fold increase on the 1999 levels. Trading has been driven by more innovative financing structures and deals where vendors have retained equity in the properties and taken profit shares. 50% of all sales were from listed property companies as the sector was reorganised whilst the largest purchasers were finance-driven and able to use active management to improve returns. | ||
| 590 | _aWB | ||
| 650 | _aACQUISITIONS | ||
| 650 | _aCOMMERCIAL SECTOR | ||
| 650 | _aLISTED COMPANIES | ||
| 650 | _aPORTFOLIOS | ||
| 650 | _aPROPERTY PORTFOLIOS | ||
| 650 | _aQUOTED SECTOR | ||
| 650 |
_aSales _96269 |
||
| 690 | _aPROPERTY-COMMERCIAL PROPERTY-COMMERCIAL PROPERTY MARKET | ||
| 942 | _n0 | ||
| 999 |
_c66439 _d66439 |
||